Los doce cesares /

Guardado en:
Autor Principal: Suetonio, Tranquilo Cayo
Formato: Libro
Publicado: España : Hernando, 1902
Series:Biblioteca Clásica
Materias:
Etiquetas: Agregar Etiqueta
Sin Etiquetas, Sea el primero en etiquetar este registro!
LEADER 00573nam a22002175a 4500
001 CEM.cems006095
005 20060214000000.0
008 130507s1902##################000#0#####d
003 CEMS
082 0 4 |a 878 
100 1 |a Suetonio, Tranquilo Cayo 
245 1 0 |a Los doce cesares / 
260 |a España :  |b Hernando,  |c 1902 
300 |a 413 p. 
490 0 |a Biblioteca Clásica 
653 |a Historia latina 
653 |a Literatura 
653 |a Literatura latina 
653 |a Miscelanea 
653 |a Roma-historia 
859 |a CEMS  |b BIB. CEMS - 11 de abril  |h 878  |i Su25  |p 5672.76  |t Ej.1